[Event "Landesliga Nord 1819"]
[Site "Bayern"]
[Date "2019.02.24"]
[Round "7.5"]
[White "Frieser, Klaus"]
[Black "Gehlert, Klaus"]
[Result "1/2-1/2"]
[WhiteElo "2079"]
[BlackElo "2075"]
[PlyCount "27"]
[EventDate "2018.10.21"]
[EventType "team-tourn"]
[EventRounds "9"]
[EventCountry "GER"]
[SourceTitle "EXT 2022"]
[Source "ChessBase"]
[SourceDate "2021.10.06"]
[SourceVersion "1"]
[SourceVersionDate "2021.10.06"]
[SourceQuality "1"]
[WhiteTeam "Kelheim SK"]
[BlackTeam "Wuerzburg"]
[WhiteTeamCountry "GER"]
[BlackTeamCountry "GER"]

1. d4 e6 2. Nf3 f5 3. g3 Nf6 4. Bg2 d5 5. 0-0 Bd6 6. c4 c6 7. b3 Qe7 8. Bb2 0-0 9. Ne5 b6 10. Nd2 Bb7 11. Ndf3 Nbd7 12. Nxd7 Nxd7 13. Ne5 Nxe5 14. dxe5 1/2-1/2

[Event "Landesliga Nord 1718"]
[Site "Bayern"]
[Date "2018.02.04"]
[Round "6.6"]
[White "Gehlert, Klaus"]
[Black "Gerl, Hans Peter"]
[Result "1-0"]
[WhiteElo "2069"]
[BlackElo "1918"]
[PlyCount "61"]
[EventDate "2017.10.22"]
[EventType "team-tourn"]
[EventRounds "9"]
[EventCountry "GER"]
[SourceTitle "EXT 2022"]
[Source "ChessBase"]
[SourceDate "2021.10.06"]
[SourceVersion "1"]
[SourceVersionDate "2021.10.06"]
[SourceQuality "1"]
[WhiteTeam "Wuerzburg"]
[BlackTeam "Zirndorf"]
[WhiteTeamCountry "GER"]
[BlackTeamCountry "GER"]

1. d4 Nf6 2. c4 e6 3. Nc3 Bb4 4. Nf3 0-0 5. Bg5 h6 6. Bh4 b6 7. Nd2 Bb7 8. f3 d5 9. e3 Nbd7 10. Bd3 Be7 11. 0-0 c5 12. Qe2 a6 13. Rad1 cxd4 14. exd4 dxc4 15. Nxc4 b5 16. Ne5 Nb6 17. Bb1 g5 18. Bf2 Nbd5 19. Ne4 Rc8 20. Qd3 Kg7 21. Nxf6 Nxf6 22. Bg3 Bd5 23. Rde1 Rc4 24. b3 Rc8 25. f4 Bb4 26. fxg5 hxg5 27. Rxf6 Kxf6 28. Rf1+ Ke7 29. Qh7 Qb6 30. Rxf7+ Ke8 31. Rxf8+ 1-0

[Event "Landesliga Nord 1415"]
[Site "Bayern"]
[Date "2014.11.23"]
[Round "3.6"]
[White "Gehlert, Klaus"]
[Black "Van Ginkel, Pieter"]
[Result "0-1"]
[WhiteElo "2018"]
[BlackElo "2108"]
[PlyCount "54"]
[EventDate "2014.10.19"]
[EventType "team-tourn"]
[EventRounds "9"]
[EventCountry "GER"]
[SourceTitle "EXT 2018"]
[Source "ChessBase"]
[SourceDate "2017.10.13"]
[SourceVersion "1"]
[SourceVersionDate "2017.10.13"]
[SourceQuality "1"]
[WhiteTeam "Wuerzburg"]
[BlackTeam "Nuernberg Sued SW"]
[WhiteTeamCountry "GER"]
[BlackTeamCountry "GER"]

1. d4 d5 2. c4 e6 3. Nc3 c5 4. Nf3 Nc6 5. cxd5 exd5 6. g3 Nf6 7. Bg2 Be7 8. 0-0 0-0 9. b3 Bg4 10. dxc5 Bxc5 11. Na4 Be7 12. Be3 Re8 13. h3 Bh5 14. g4 Bg6 15. Nd4 h5 16. g5 Ne4 17. h4 Qd7 18. f3 Ng3 19. Rf2 Bd6 20. Nxc6 Rxe3 21. Nd4 b5 22. Qc1 Rae8 23. Nc3 Bb4 24. Ncxb5 Nxe2+ 25. Nxe2 Rxe2 26. Bf1 Re1 27. Qb2 Qxb5 0-1

[Event "Landesliga Nord 1415"]
[Site "Bayern"]
[Date "2014.10.19"]
[Round "1.7"]
[White "Ferlan, Istok"]
[Black "Gehlert, Klaus"]
[Result "1-0"]
[WhiteElo "2175"]
[BlackElo "2018"]
[PlyCount "91"]
[EventDate "2014.10.19"]
[EventType "team-tourn"]
[EventRounds "9"]
[EventCountry "GER"]
[SourceTitle "EXT 2018"]
[Source "ChessBase"]
[SourceDate "2017.10.13"]
[SourceVersion "1"]
[SourceVersionDate "2017.10.13"]
[SourceQuality "1"]
[WhiteTeam "Kitzingen"]
[BlackTeam "Wuerzburg"]
[WhiteTeamCountry "GER"]
[BlackTeamCountry "GER"]

1. d4 e6 2. Nf3 f5 3. Bf4 Nf6 4. h3 b6 5. e3 Bb7 6. Be2 Be7 7. c4 Ne4 8. Nc3 Nxc3 9. bxc3 0-0 10. 0-0 d6 11. Qb3 Nd7 12. c5 Bd5 13. c4 Be4 14. cxb6 axb6 15. Nd2 Bc6 16. Bf3 Ba4 17. Qc3 Ra7 18. Bh2 Bf6 19. Rfe1 e5 20. Rac1 Kh8 21. Nb3 c5 22. dxe5 dxe5 23. Bd5 Re8 24. Qc2 g6 25. Rcd1 Qc8 26. Rd2 Nb8 27. Red1 Na6 28. Qb2 Kg7 29. a3 Nc7 30. Rb1 Nxd5 31. Rxd5 Bc6 32. Bxe5 Rxe5 33. Rxe5 Rd7 34. f4 Be4 35. Re1 Qd8 36. Kh2 Kf7 37. a4 Rd3 38. a5 b5 39. Re2 bxc4 40. Nxc5 c3 41. Qb5 Bxe5 42. fxe5 Qd5 43. e6+ Kg7 44. Qd7+ Qxd7 45. exd7 Rd5 46. d8Q 1-0

[Event "Landesliga Nord 1314"]
[Site "Bayern"]
[Date "2014.03.16"]
[Round "8.5"]
[White "Gehlert, Klaus"]
[Black "Liepold, Stefan"]
[Result "1/2-1/2"]
[WhiteElo "2264"]
[BlackElo "2153"]
[PlyCount "68"]
[EventDate "2013.10.13"]
[EventType "team"]
[EventRounds "9"]
[EventCountry "GER"]
[SourceTitle "EXT 2015"]
[Source "ChessBase"]
[SourceDate "2014.11.20"]
[SourceVersion "1"]
[SourceVersionDate "2014.11.20"]
[SourceQuality "1"]
[WhiteTeam "Wuerzburg"]
[BlackTeam "Erlangen"]
[WhiteTeamCountry "GER"]
[BlackTeamCountry "GER"]

1. d4 Nf6 2. c4 g6 3. g3 c6 4. Bg2 d5 5. cxd5 cxd5 6. Nf3 Bg7 7. 0-0 0-0 8. Ne5 Ng4 9. f4 Nxe5 10. dxe5 e6 11. Qb3 Na6 12. Be3 b6 13. Rd1 Bb7 14. Nc3 Qe7 15. Bd4 f6 16. e4 fxe5 17. fxe5 Nc5 18. Qb4 dxe4 19. Nxe4 Bxe4 20. Bxe4 Rad8 21. Bg2 Qg5 22. Qc3 Qg4 23. h3 Qg5 24. Re1 Rf7 25. Re3 Rfd7 26. Bxc5 bxc5 27. Rae1 Qe7 28. R1e2 Rd4 29. Kh2 Bh6 30. Re4 Rd3 31. Qc4 R3d4 32. Qb3 Rd3 33. Qc4 R3d4 34. Qb3 Rd3 1/2-1/2

[Event "Regionalliga NW 1213"]
[Site "Bayern"]
[Date "2013.02.03"]
[Round "6.2"]
[White "Gehlert, Klaus"]
[Black "Stauch, Edgar"]
[Result "1/2-1/2"]
[WhiteElo "2004"]
[BlackElo "2040"]
[PlyCount "78"]
[EventDate "2012.10.14"]
[EventType "team-tourn"]
[EventRounds "9"]
[EventCountry "GER"]
[SourceTitle "EXT 2015"]
[Source "ChessBase"]
[SourceDate "2014.11.20"]
[SourceVersion "1"]
[SourceVersionDate "2014.11.20"]
[SourceQuality "1"]
[WhiteTeam "Wuerzburg II"]
[BlackTeam "Kronach"]
[WhiteTeamCountry "GER"]
[BlackTeamCountry "GER"]

1. d4 d5 2. c4 e6 3. Nc3 c5 4. cxd5 exd5 5. Nf3 Nc6 6. g3 Nf6 7. Bg2 Be7 8. 0-0 0-0 9. b3 Ne4 10. Bb2 Bf6 11. Na4 b5 12. Nxc5 Nxc5 13. Rc1 Nxd4 14. Nxd4 Ne4 15. Ba3 Qb6 16. Bxf8 Bxd4 17. e3 Bxe3 18. fxe3 Qxe3+ 19. Kh1 Be6 20. Bb4 Nf2+ 21. Rxf2 Qxf2 22. Qd2 Qf5 23. Qd4 a5 24. Bc3 Qg5 25. Bd2 Qf5 26. a4 b4 27. h3 h6 28. Kh2 Re8 29. Bf4 g5 30. Bc7 Rc8 31. Rc5 h5 32. Bxa5 Rxc5 33. Qxc5 h4 34. Qxb4 hxg3+ 35. Kxg3 Qe5+ 36. Kf2 d4 37. Bb6 Qe3+ 38. Kf1 Qf4+ 39. Kg1 Qe3+ 1/2-1/2

[Event "Landesliga Nord 1213"]
[Site "Bayern"]
[Date "2012.11.11"]
[Round "2.6"]
[White "Eichinger, Christoph"]
[Black "Gehlert, Klaus"]
[Result "1-0"]
[WhiteElo "2055"]
[BlackElo "2004"]
[PlyCount "127"]
[EventDate "2012.10.14"]
[EventType "team-tourn"]
[EventRounds "9"]
[EventCountry "GER"]
[SourceTitle "EXT 2015"]
[Source "ChessBase"]
[SourceDate "2014.11.20"]
[SourceVersion "1"]
[SourceVersionDate "2014.11.20"]
[SourceQuality "1"]
[WhiteTeam "Kareth Lappersdorf"]
[BlackTeam "Wuerzburg"]
[WhiteTeamCountry "GER"]
[BlackTeamCountry "GER"]

1. e4 e6 2. d3 d5 3. Nd2 Nf6 4. Ngf3 Nc6 5. g3 dxe4 6. dxe4 Bc5 7. Bb5 Bd7 8. 0-0 Qe7 9. a3 e5 10. Kg2 a6 11. Bd3 0-0 12. b4 Ba7 13. h3 Rad8 14. Bb2 b5 15. Qe2 Bc8 16. Rad1 Nd4 17. Nxd4 Bxd4 18. c3 Bb6 19. Nf3 Nd7 20. c4 c6 21. Rc1 f6 22. Rfd1 Rfe8 23. Nh4 g6 24. Nf3 Kh8 25. Rc2 Nf8 26. Rcd2 Qg7 27. Bb1 Qh6 28. Ng1 Qg7 29. Nf3 Qh6 30. Ng1 Qg7 31. Rxd8 Rxd8 32. Rxd8 Bxd8 33. Qd2 Qe7 34. c5 Ne6 35. Ba2 Qd7 36. Qxd7 Bxd7 37. Nf3 a5 38. Bc3 axb4 39. axb4 Nc7 40. Nxe5 Be8 41. Nf7+ Bxf7 42. Bxf7 Kg7 43. Bb3 Kf8 44. Kf3 h5 45. Ke3 Ke7 46. f4 Na6 47. Bd1 Bc7 48. Be1 Ke6 49. Bf3 Nb8 50. f5+ gxf5 51. Bxh5 fxe4 52. Kxe4 f5+ 53. Ke3 Be5 54. Bf3 Kf6 55. Kd3 Kg6 56. h4 Kf7 57. g4 fxg4 58. Bxg4 Na6 59. Bf3 Nb8 60. h5 Bf6 61. Bc3 Bxc3 62. Kxc3 Kf6 63. Bg4 Kg5 64. Bc8 1-0

[Event "Oberliga Bayern 1112"]
[Site "Bayern"]
[Date "2011.11.20"]
[Round "3.8"]
[White "Gehlert, Klaus"]
[Black "Linhart, Wolfgang"]
[Result "1/2-1/2"]
[WhiteElo "2007"]
[BlackElo "2006"]
[PlyCount "37"]
[EventDate "2011.10.02"]
[EventType "team-tourn"]
[EventRounds "9"]
[EventCountry "GER"]
[SourceTitle "EXT 2013"]
[Source "ChessBase"]
[SourceDate "2012.11.22"]
[SourceVersion "1"]
[SourceVersionDate "2012.11.22"]
[SourceQuality "1"]
[WhiteTeam "Wuerzburg"]
[BlackTeam "Passau"]
[WhiteTeamCountry "GER"]
[BlackTeamCountry "GER"]

1. d4 Nf6 2. c4 g6 3. g3 c6 4. Bg2 d5 5. cxd5 cxd5 6. Nf3 Bg7 7. Nc3 0-0 8. Ne5 e6 9. 0-0 Nfd7 10. f4 f6 11. Nf3 Nc6 12. Be3 Nb6 13. Bf2 Qe7 14. Re1 f5 15. Ne5 Bd7 16. e3 Rfc8 17. Qe2 Nxe5 18. dxe5 Qe8 19. Rac1 1/2-1/2

[Event "Regionalliga NW 0910"]
[Site "Bayern"]
[Date "2010.02.07"]
[Round "6.2"]
[White "Gehlert, Klaus"]
[Black "Hertel, Hans"]
[Result "0-1"]
[WhiteElo "2030"]
[BlackElo "2065"]
[PlyCount "82"]
[EventDate "2009.10.18"]
[EventType "team-tourn"]
[EventRounds "9"]
[EventCountry "GER"]
[SourceTitle "EXT 2011"]
[Source "ChessBase"]
[SourceDate "2010.11.26"]
[SourceVersion "1"]
[SourceVersionDate "2010.11.26"]
[SourceQuality "1"]
[WhiteTeam "Wuerzburg II"]
[BlackTeam "Hof"]
[WhiteTeamCountry "GER"]
[BlackTeamCountry "GER"]

1. d4 d5 2. c4 c6 3. Nf3 e6 4. b3 f5 5. g3 Nf6 6. Bg2 Bd6 7. 0-0 0-0 8. Ne5 Bd7 9. Qc2 Be8 10. Bb2 Nbd7 11. cxd5 cxd5 12. Rc1 Qe7 13. a4 Ng4 14. Nxd7 Bxd7 15. Ba3 Rac8 16. Qd2 Rxc1+ 17. Qxc1 f4 18. Bxd6 Qxd6 19. Nc3 Qb4 20. Qd2 fxg3 21. fxg3 Rc8 22. Rc1 Qxb3 23. e4 dxe4 24. Bxe4 Qb4 25. Bb1 Nf6 26. Ba2 Nd5 27. Bxd5 exd5 28. Kg2 Bxa4 29. Qe3 Re8 30. Qg5 Bc6 31. Qf4 Rf8 32. Qe3 Re8 33. Qf4 a5 34. Rc2 a4 35. Qf2 a3 36. h4 Qd6 37. Kh2 b5 38. Na2 Bd7 39. Qd2 Qe6 40. Nb4 Qh3+ 41. Kg1 Qxg3+ 0-1

[Event "Regionalliga NW 0910"]
[Site "Bayern"]
[Date "2009.12.13"]
[Round "4.3"]
[White "Stauch, Edgar"]
[Black "Gehlert, Klaus"]
[Result "1-0"]
[WhiteElo "2082"]
[BlackElo "2030"]
[PlyCount "87"]
[EventDate "2009.10.18"]
[EventType "team-tourn"]
[EventRounds "9"]
[EventCountry "GER"]
[SourceTitle "EXT 2011"]
[Source "ChessBase"]
[SourceDate "2010.11.26"]
[SourceVersion "1"]
[SourceVersionDate "2010.11.26"]
[SourceQuality "1"]
[WhiteTeam "Kronach"]
[BlackTeam "Wuerzburg II"]
[WhiteTeamCountry "GER"]
[BlackTeamCountry "GER"]

1. c4 e6 2. g3 f5 3. Bg2 Nf6 4. Nf3 d5 5. 0-0 Bd6 6. d3 0-0 7. Nc3 Nc6 8. b3 d4 9. Nb5 e5 10. e3 dxe3 11. fxe3 Be7 12. Qe2 a6 13. Nc3 Bc5 14. Kh1 Qe7 15. Bb2 Bd7 16. Nd5 Qd6 17. d4 exd4 18. exd4 Ba7 19. Nxf6+ gxf6 20. Qd2 f4 21. c5 Qe7 22. Rae1 Qg7 23. Qxf4 Bg4 24. Nh4 Rae8 25. Nf5 Bxf5 26. Qxf5 Nd8 27. Be4 c6 28. Rf4 Kh8 29. Rh4 Re7 30. Bc1 Rg8 31. Bf4 Ne6 32. Bh6 Qf7 33. Bd3 Nc7 34. Rf1 Nd5 35. Bc4 Rg6 36. Bf4 Qe8 37. Bxd5 cxd5 38. Qxd5 Re1 39. Qf3 Re7 40. Bd6 Rf7 41. Re4 Qc6 42. Rfe1 Kg7 43. Kg2 b6 44. Re7 1-0

[Event "Regionalliga NW 0809"]
[Site "Bayern"]
[Date "2009.03.01"]
[Round "7.3"]
[White "Gehlert, Klaus"]
[Black "Frey, Michael"]
[Result "1/2-1/2"]
[WhiteElo "2069"]
[BlackElo "2059"]
[PlyCount "39"]
[EventDate "2008.10.05"]
[EventType "team-tourn"]
[EventRounds "9"]
[EventCountry "GER"]
[SourceTitle "EXT 2020"]
[Source "ChessBase"]
[SourceDate "2019.10.17"]
[SourceVersion "1"]
[SourceVersionDate "2019.10.17"]
[SourceQuality "1"]
[WhiteTeam "Wuerzburg II"]
[BlackTeam "Obernau"]
[WhiteTeamCountry "GER"]
[BlackTeamCountry "GER"]

1. d4 f5 2. c4 Nf6 3. g3 g6 4. Bg2 Bg7 5. Nc3 d6 6. Nf3 0-0 7. 0-0 Qe8 8. b3 c6 9. Qc2 Na6 10. Ba3 Bd7 11. Rae1 b5 12. Bc1 Rb8 13. a3 b4 14. Nb1 e5 15. c5 e4 16. Qc4+ Qf7 17. Qxf7+ Kxf7 18. Ng5+ Kg8 19. cxd6 bxa3 20. Nxa3 1/2-1/2

[Event "Regionalliga NW 0708"]
[Site "Bayern"]
[Date "2008.02.17"]
[Round "6.3"]
[White "Hild, Detlef"]
[Black "Gehlert, Klaus"]
[Result "1/2-1/2"]
[WhiteElo "2023"]
[BlackElo "2058"]
[PlyCount "122"]
[EventDate "2007.10.21"]
[EventType "team-tourn"]
[EventRounds "9"]
[EventCountry "GER"]
[SourceTitle "EXT 2009"]
[Source "ChessBase"]
[SourceDate "2008.11.26"]
[SourceVersion "1"]
[SourceVersionDate "2008.11.26"]
[SourceQuality "1"]
[WhiteTeam "Nordhalben"]
[BlackTeam "Wuerzburg II"]
[WhiteTeamCountry "GER"]
[BlackTeamCountry "GER"]

1. Nf3 f5 2. g3 Nf6 3. Bg2 e6 4. 0-0 Be7 5. c4 d6 6. Nc3 0-0 7. d4 Qe8 8. Qd3 Qh5 9. Bg5 Nc6 10. Nb5 Bd8 11. d5 Ne5 12. Nxe5 dxe5 13. Bxf6 Rxf6 14. dxe6 Qe8 15. Rfd1 Rf8 16. Qxd8 Qxd8 17. Rxd8 Rxd8 18. e7 Re8 19. Nxc7 Bd7 20. Bxb7 Rab8 21. Bd5+ Kh8 22. Nxe8 Rxe8 23. c5 Rxe7 24. c6 Bc8 25. Rc1 g5 26. b4 e4 27. a4 Kg7 28. a5 a6 29. c7 Kf6 30. Rc6+ Ke5 31. Bc4 f4 32. Bxa6 Bxa6 33. Rc5+ Kd6 34. c8Q Bxc8 35. Rxc8 f3 36. Kf1 Rb7 37. Rc4 Kd5 38. Rc5+ Kd6 39. exf3 exf3 40. Rf5 g4 41. b5 Rc7 42. Ke1 Rc2 43. Rf6+ Ke5 44. Rc6 Re2+ 45. Kf1 Ra2 46. Rc1 Rxa5 47. Rb1 Ra7 48. b6 Rb7 49. Ke1 h5 50. Kd2 Kd4 51. Rb2 Kc5 52. Ke3 Rxb6 53. Rxb6 Kxb6 54. Kf4 Kc5 55. Kg5 Kd4 56. Kxh5 Kd3 57. Kxg4 Ke2 58. h4 Kxf2 59. h5 Kg2 60. h6 f2 61. h7 f1Q 1/2-1/2

[Event "Regionalliga NW 0708"]
[Site "Bayern"]
[Date "2007.11.04"]
[Round "2.4"]
[White "Gehlert, Klaus"]
[Black "Heimerdinger, Joerg"]
[Result "1-0"]
[WhiteElo "2058"]
[BlackElo "2040"]
[PlyCount "51"]
[EventDate "2007.10.21"]
[EventType "team-tourn"]
[EventRounds "9"]
[EventCountry "GER"]
[SourceTitle "EXT 2009"]
[Source "ChessBase"]
[SourceDate "2008.11.26"]
[SourceVersion "1"]
[SourceVersionDate "2008.11.26"]
[SourceQuality "1"]
[WhiteTeam "Wuerzburg II"]
[BlackTeam "Bindlach III"]
[WhiteTeamCountry "GER"]
[BlackTeamCountry "GER"]

1. d4 f5 2. c4 Nf6 3. g3 g6 4. Bg2 Bg7 5. Nc3 0-0 6. Nf3 d6 7. 0-0 Qe8 8. b3 c6 9. Qc2 e5 10. dxe5 dxe5 11. Ba3 Rf7 12. Rad1 Rd7 13. e4 Nh5 14. Bh3 Rxd1 15. Rxd1 f4 16. Bxc8 Qxc8 17. Qd3 Bf6 18. Qd6 fxg3 19. hxg3 Kg7 20. Nxe5 Qe8 21. Qc7+ Kg8 22. Ng4 Na6 23. Nxf6+ Nxf6 24. Qxb7 Rd8 25. Rxd8 Qxd8 26. Qxa6 1-0

[Event "Regionalliga NW 0607"]
[Site "Bayern"]
[Date "2007.04.22"]
[Round "9.3"]
[White "Gehlert, Klaus"]
[Black "Frey, Michael"]
[Result "1/2-1/2"]
[WhiteElo "2051"]
[BlackElo "1940"]
[PlyCount "33"]
[EventDate "2006.10.15"]
[EventType "team-tourn"]
[EventRounds "9"]
[EventCountry "GER"]
[SourceTitle "EXT 2008"]
[Source "ChessBase"]
[SourceDate "2007.11.25"]
[SourceVersion "1"]
[SourceVersionDate "2007.11.25"]
[SourceQuality "1"]
[WhiteTeam "Wuerzburg II"]
[BlackTeam "Schweinheim"]
[WhiteTeamCountry "GER"]
[BlackTeamCountry "GER"]

1. d4 f5 2. e4 fxe4 3. Nc3 Nf6 4. Bg5 Nc6 5. d5 Ne5 6. f3 exf3 7. Nxf3 Nf7 8. Bd3 e5 9. dxe6 dxe6 10. Qe2 Bb4 11. 0-0-0 Qe7 12. Ne4 Bd7 13. Be3 Nd5 14. Bc4 Nxe3 15. Qxe3 Nd6 16. Nxd6+ Bxd6 17. Rhe1 1/2-1/2

[Event "Regionalliga NW 0607"]
[Site "Bayern"]
[Date "2006.12.10"]
[Round "4.3"]
[White "Gehlert, Klaus"]
[Black "Krauseneck, Peter"]
[Result "1/2-1/2"]
[WhiteElo "2051"]
[BlackElo "2078"]
[PlyCount "49"]
[EventDate "2006.10.15"]
[EventType "team-tourn"]
[EventRounds "9"]
[EventCountry "GER"]
[SourceTitle "EXT 2008"]
[Source "ChessBase"]
[SourceDate "2007.11.25"]
[SourceVersion "1"]
[SourceVersionDate "2007.11.25"]
[SourceQuality "1"]
[WhiteTeam "Wuerzburg II"]
[BlackTeam "Bamberg II"]
[WhiteTeamCountry "GER"]
[BlackTeamCountry "GER"]

1. d4 e6 2. c4 f5 3. g3 d5 4. Bg2 c6 5. Nh3 Nf6 6. 0-0 Bd6 7. b3 0-0 8. Bb2 Nbd7 9. Nf4 Qe7 10. Qc1 g5 11. Nd3 Qg7 12. Nd2 Kh8 13. Ne5 Rg8 14. Kh1 Nf8 15. Qc3 Bd7 16. b4 Be8 17. a4 a6 18. Qb3 Ng6 19. b5 axb5 20. axb5 Rxa1 21. Rxa1 Ne4 22. Nxe4 fxe4 23. bxc6 bxc6 24. Qc3 Qb7 25. Bh3 1/2-1/2

[Event "BL2-Ost 0607"]
[Site "Germany"]
[Date "2006.11.19"]
[Round "3.8"]
[White "Gehlert, Klaus"]
[Black "Bartsch, Berthold"]
[Result "1/2-1/2"]
[WhiteElo "2250"]
[BlackElo "2195"]
[PlyCount "63"]
[EventDate "2006.10.15"]
[EventType "team-tourn"]
[EventRounds "9"]
[EventCountry "GER"]
[SourceTitle "EXT 2008"]
[Source "ChessBase"]
[SourceDate "2007.11.25"]
[SourceVersion "1"]
[SourceVersionDate "2007.11.25"]
[SourceQuality "1"]
[WhiteTeam "Wuerzburg"]
[BlackTeam "Forchheim"]
[WhiteTeamCountry "GER"]
[BlackTeamCountry "GER"]

1. d4 Nf6 2. c4 e5 3. dxe5 Ng4 4. Bf4 Nc6 5. Nf3 Bb4+ 6. Nbd2 Qe7 7. a3 Ngxe5 8. Nxe5 Nxe5 9. e3 Bxd2+ 10. Qxd2 d6 11. Be2 0-0 12. 0-0 b6 13. Rfe1 Bb7 14. Qc3 a5 15. b4 Nd7 16. Rad1 Ra7 17. Bf1 Rfa8 18. e4 axb4 19. axb4 Ra3 20. Qd4 f6 21. Bc1 R3a4 22. Qc3 Qe5 23. Qb3 Kf8 24. Qh3 Qe7 25. c5 Rxb4 26. cxd6 cxd6 27. Qxh7 Rxe4 28. Qh8+ Kf7 29. Qh5+ Kf8 30. Qh8+ Kf7 31. Qh5+ Kf8 32. Qh8+ 1/2-1/2